000 01061nam a2200301 i 4500
003 EG-GICUC
005 20260228125349.0
008 260205s1986 ua |||fr|||| 00| 0 ara d
040 _a EG-GICUC
_bara
_c EG-GICUC
_d EG-GICUC
_erda
041 0 _aAra
082 0 4 _221
_a343.421
_bع ز . ح
092 0 4 _221
099 _aLaw1 10 343.421 ع ز . ح 1986
100 0 _aعزة مصطفى الأبيارى
_eمعد.
245 1 0 _aحرب المخدرات /
_cإعداد عزة مصطفى الأبيارى.
264 1 _aالقاهرة :
_bالهيئة العامة للإستعلامات،
_c1986.
300 _a132 ؛صفحة
_c24 سم
336 _2rda content
_atext
337 _2rda media
_aComputer
338 _2rda carrier
_aOnline Resource
546 _aالنص باللغة العربية
650 1 _aالتشريعات المتعلقة بالمخص
_2qrmak
650 1 _aالقانون الجنائى
_2qrmak
651 1 _2qrmak
856 4 0 _uhttps://fll.law.cu.edu.eg/fulltext/bks/B10-08774.pdf
905 _a54
942 _2ddc
_cBK
_e21
_n0
999 _c61385
_d61385